Statistics for Territorial Disputes - Guess the Regions

Click here to take the quiz!

General Stats

  • This quiz has been taken 66 times
    (48 since last reset)
  • The average score is 27 of 54

Answers on the Map

Answers color-coded by a green-red scale on the quiz's map according to % correct below.
 

Answer Stats

HintAnswer% Correct
Korean PeninsulaSouth Korea
100%
Korean PeninsulaNorth Korea
100%
CrimeaUkraine
91%
CrimeaRussia
91%
GibraltarSpain
91%
GibraltarUnited Kingdom
91%
Falkland IslandsArgentina
85%
Falkland IslandsUnited Kingdom
85%
Aegean Sea RegionTurkey
83%
Aegean Sea RegionGreece
83%
Caspian SeaKazkhstan
80%
Caspian SeaTurkmenistan
80%
Caspian SeaAzerbaijan
80%
Caspian SeaIran
80%
Caspian SeaRussia
80%
KashmirIndia
80%
KashmirPakistan
80%
Islands in the Congo RiverDR Congo
57%
Islands in the Congo RiverCongo
57%
SocotraSomalia
54%
SocotraYemen
54%
MayotteFrance
52%
MayotteComoros
52%
Mont Blanc SummitItaly
52%
Mont Blanc SummitFrance
52%
Golan HeightsSyria
48%
Golan HeightsLebanon
48%
Golan HeightsIsrael
48%
Nagorno-Karabakh RegionAzerbaijan
46%
Nagorno-Karabakh RegionArmenia
46%
Lake ConstanceSwitzerland
35%
Lake ConstanceGermany
35%
Lake ConstanceAustria
35%
Southern Patagonian Ice FieldChile
35%
Southern Patagonian Ice FieldArgentina
35%
Hans IslandDenmark
33%
Hans IslandCanada
33%
Fergana ValleyUzbekistan
28%
Fergana ValleyTajikistan
28%
Fergana ValleyKyrgyzstan
28%
Hala'ib TriangleSudan
26%
Hala'ib TriangleEgypt
26%
Oyster PondFrance
20%
Oyster PondNetherlands
20%
DoumeiraDjibouti
17%
DoumeiraEritrea
17%
Limbang DistrictBrunei
13%
Limbang DistrictMalaysia
13%
Senkaku/Diaoyu IslandsChina
11%
Senkaku/Diaoyu IslandsJapan
11%
Point 20 and Pedra BrancaMalaysia
9%
Point 20 and Pedra BrancaSingapore
9%
Sindabezi IslandZimbabwe
7%
Sindabezi IslandZambia
7%

Score Distribution

Percentile by Number Answered

Percent of People with Each Score

Your Score History

You have not taken this quiz since the last reset